Cooperació a l'aula : proposta per a professors proposta per a professors
Descripción Física:
55 p., [8] p. de làm. ; 24 cm
Colección:
Temes d'educació
; 1
Materias:
Pedagogia
Idioma:
Catalán
MARC
| LEADER | 00000nam a2200000Ia 4500 | ||
|---|---|---|---|
| 001 | 8949 | ||
| 003 | Arxiu | ||
| 005 | 20260324180142.0 | ||
| 008 | 160829s1990 spc xx s cat c | ||
| 040 | |a AGDB | ||
| 080 | |a E-1-60 | ||
| 245 | 0 | 0 | |a Cooperació a l'aula : |b proposta per a professors |
| 260 | |a Barcelona : |b Diputació de Barcelona. Àrea d'Educació, |c 1990 | ||
| 300 | |a 55 p., [8] p. de làm. ; |c 24 cm | ||
| 490 | 1 | |a Temes d'Educació ; |v 1 | |
| 650 | |a Pedagogia |9 35391 | ||
| 710 | |a Barcelona (Catalunya : Província). |b Àrea d'Educació |9 8009 | ||
| 830 | 0 | |9 56036 |a Temes d'educació |v 1 | |
| 901 | |a Arxiu | ||
| 942 | |n 1 |2 udc |c ARXIU | ||
| 952 | |0 0 |1 0 |4 0 |6 E160 |7 1 |9 54199 |a Arxiu |b Arxiu |d 2016-12-01 |l 0 |o E-1-60 |p 8949 |r 2016-12-01 00:00:00 |w 2016-12-01 |y ARXIU | ||
| 999 | |c 58068 |d 58068 | ||